| 000 | 00426cam a2200181ua 4500 | ||
|---|---|---|---|
| 001 | 3379 | ||
| 008 | 111019n ii |||gr||||Z||||||asm | ||
| 040 | _cMAIN | ||
| 082 | _a891.4513 | ||
| 100 | 1 | _aMishra, Krishna Kumar, | |
| 245 | 1 | 1 |
_aUpanyas _cby Krishna Kumar Mishra |
| 250 | _a1st. | ||
| 260 |
_aGuahati: _bStudents stores,991. |
||
| 300 |
_a132p: _c23cm. |
||
| 653 | _aAssamese novel | ||
| 653 | _aUpanyas | ||
| 942 | _cBK | ||
| 999 |
_c3223 _d3223 |
||